000
00277nam a2200121Ia 4500
008
221030s9999 xx 000 0 und d
041
_a
English
100
_a
J. M. Duff
245
0
_a
Designing Interactive Web Sites
_c
by J. M. Duff
260
_c
0
650
_a
B
942
_c
BK
999
_c
14598
_d
14598